The genie is out of the planning bottle (Record no. 68661)
[ view plain ]
| 000 -LEADER | |
|---|---|
| fixed length control field | 01719cam a2200289 4500 |
| 001 - CONTROL NUMBER | |
| control field | ABS64714 |
| 008 - FIXED-LENGTH DATA ELEMENTS--GENERAL INFORMATION | |
| fixed length control field | 011024n2001 000 0 eng u |
| 035 ## - SYSTEM CONTROL NUMBER | |
| System control number | (Sirsi) u115286 |
| 100 ## - MAIN ENTRY--PERSONAL NAME | |
| Personal name | McKie, A |
| 245 #4 - TITLE STATEMENT | |
| Title | The genie is out of the planning bottle |
| 260 ## - PUBLICATION, DISTRIBUTION, ETC. | |
| Date of publication, distribution, etc. | 2001 |
| 490 ## - SERIES STATEMENT | |
| Series statement | Estates Gazette |
| Volume/sequential designation | (0141) 13 October 2001, 178-179(2) |
| 520 ## - SUMMARY, ETC. | |
| Summary, etc. | Examines the impact of the European Convention on Human Rights (ECHR) and resulting Human Rights Act 1998 on those involved in the planning process. Emphasises that all planning authorities are now bound to comply with the ECHR or risk having their planning decisions open to legal challenge. Outlines the effect of Articles 1, 8 and 6 on the planning system, and discusses the cases, "County Properties v Scottish Ministers" and "R (on the application of Alconbury) v SoS Environment, Transport and the Regions" which addressed the compatibility of the planning appeal process with the ECHR. Also considers third-party rights of appeal and how strategic planning can minimise risks of an ECHR challenge. Concludes that developers and their advisers must keep abreast of relevant changes in the law to protect their interests. |
| 590 ## - LOCAL NOTE (RLIN) | |
| Local note | ABS |
| 650 ## - SUBJECT ADDED ENTRY--TOPICAL TERM | |
| Topical term or geographic name entry element | PLANNING AUTHORITIES |
| 650 ## - SUBJECT ADDED ENTRY--TOPICAL TERM | |
| Topical term or geographic name entry element | PLANNING DECISIONS |
| 650 ## - SUBJECT ADDED ENTRY--TOPICAL TERM | |
| Topical term or geographic name entry element | PLANNING SYSTEM |
| 650 ## - SUBJECT ADDED ENTRY--TOPICAL TERM | |
| Topical term or geographic name entry element | STRATEGIC PLANNING |
| 650 ## - SUBJECT ADDED ENTRY--TOPICAL TERM | |
| Topical term or geographic name entry element | THIRD-PARTY RIGHTS |
| 650 ## - SUBJECT ADDED ENTRY--TOPICAL TERM | |
| Topical term or geographic name entry element | PLANNING APPEALS |
| 650 ## - SUBJECT ADDED ENTRY--TOPICAL TERM | |
| Topical term or geographic name entry element | CONVENTION FOR THE PROTECTION OF HUMAN RIGHTS AND FUNDAMENTAL FREEDOMS ART 6 |
| 650 ## - SUBJECT ADDED ENTRY--TOPICAL TERM | |
| Topical term or geographic name entry element | HUMAN RIGHTS ACT 1998 |
| 650 ## - SUBJECT ADDED ENTRY--TOPICAL TERM | |
| Topical term or geographic name entry element | ALCONBURY |
| 650 ## - SUBJECT ADDED ENTRY--TOPICAL TERM | |
| Topical term or geographic name entry element | COUNTY PROPERTIES LTD V THE SCOTTISH MINISTERS |
| 690 ## - LOCAL SUBJECT ADDED ENTRY--TOPICAL TERM (OCLC, RLIN) | |
| Topical term or geographic name as entry element | ENVIRONMENTAL AND LAND CONSULTANCY-PLANNING AND DEVELOPMENT |
| 942 ## - ADDED ENTRY ELEMENTS (KOHA) | |
| Suppress in OPAC | 0 |
| Withdrawn status | Lost status | Source of classification or shelving scheme | Damaged status | Not for loan | Home library | Current library | Shelving location | Date acquired | Total Checkouts | Full call number | Barcode | Date last seen | Copy number | Price effective from | Koha item type |
|---|---|---|---|---|---|---|---|---|---|---|---|---|---|---|---|
| Dewey Decimal Classification | London | London | Journal article | 24/10/2001 | ABS64714 | 115286-1001 | 06/08/2019 | 1 | 06/08/2019 | Journal article |